| 000 | 00747nam a2200217 i 4500 | ||
|---|---|---|---|
| 001 | 115453 | ||
| 003 | ES-MaACL | ||
| 005 | 20250825062558.0 | ||
| 007 | t| | ||
| 008 | 070309s1930 sp ||||1| spa d | ||
| 080 | _a821.134.2-22"19" | ||
| 100 | 1 |
_aGorbea Lemmi, Eusebio de. _959131 |
|
| 245 | 1 | 4 |
_aLos Amos de Curtidores _b: comedia popular madrileña en tres actos / _cEusebio de Gorbea. |
| 260 |
_aMadrid : _bPrensa Moderna, _c1930. |
||
| 300 |
_a81 p. ; _c17 cm. |
||
| 490 | 1 |
_aEl Teatro moderno ; _v246 |
|
| 500 | _aEstrenada en el Teatro de la Latina, por la Compañía de Concha Olona, el 25 de abril de 1930. | ||
| 830 | 0 | 3 |
_aEl teatro moderno (Prensa Moderna) _v246 _9182365 |
| 852 |
_aES-MaACL _jC-13102 |
||
| 999 |
_c115453 _d115453 |
||